| 000 | 01226nam a2200253Ia 4500 | ||
|---|---|---|---|
| 003 | Ost | ||
| 005 | 20260507075720.0 | ||
| 008 | 260507s9999||||xx |||||||||||||| ||und|| | ||
| 020 | _a9789931753285 | ||
| 040 | _cfsecg | ||
| 041 | _aara | ||
| 082 | _a310 | ||
| 100 |
_aبن قدور، أشواق _eمؤلف |
||
| 245 | 0 |
_aتحليل السلاسل الزمنية : _bتطبيقات باستخدام برمجية stata / _c أشواق بن قدور |
|
| 246 | _aTime series analysis | ||
| 260 |
_aالجزائر: _bدار الكتاب العربي, _c2021 |
||
| 300 |
_a199 صفحة؛ _bإيضاحات ؛ _c24 سم |
||
| 504 | _aمراجع ص.197 | ||
| 520 | _aمفاهيم أساسية، مكونات السلاسل الزمنية، أساليب المتوسطات المتحركة، قياس الاتجاه العام، التنبؤ بوجود التأثيرات الموسمية، التمهيد الأسي، تحليل الارتباط والانحدار، استخدامات وتطبيقات برنامج stata في تحليل السلاسل الزمنية. | ||
| 653 | _aالاحصاء | ||
| 653 | _aالسلاسل الزمنية | ||
| 700 |
_aمدياني، محمد _eمؤلف ثانوي |
||
| 942 | _cكتاب | ||
| 999 |
_c45936 _d45936 |
||